| 000 | 00477nam a2200181 4500 | ||
|---|---|---|---|
| 003 | n | ||
| 005 | 20250929130621.0 | ||
| 008 | n | ||
| 020 | _a9783030105099 | ||
| 040 | _cn | ||
| 082 | _a624.152 S975 2019 | ||
| 100 | _aSurahyo, Akhta | ||
| 245 |
_aConcrete Construction: Practical Problems and Solutions / _cAkhtar Surahyo |
||
| 260 | _bSpringer Switzerland AG 2019. | ||
| 300 | _a320 pages, 24 cm. | ||
| 650 | _aConcrete in building & construction. | ||
| 942 |
_2ddc _cBK-EN _n0 |
||
| 999 |
_c7943 _d7943 |
||